Flashing Colors! Quiz Stats

 Plays Quiz Updated Apr 3, 2019

Score 0/15 Timer 01:30
3 Plays Today
Question Answer Wrong Answers
Yellow Yellow
94.3%
Black
0.7%
Green
0.9%
Brown
0.7%
Blue Blue
94.1%
Green
0.9%
Yellow
0.6%
Black
1.1%
Black Black
94.1%
Blue
0.8%
Indigo
1%
Gray
0.8%
Green Green
93.8%
Yellow
0.9%
Blue
0.9%
Cyan
1.2%
Red Red
93.6%
Cyan
1.4%
Yellow
0.7%
Indigo
1%
Pink Pink
93.6%
Purple
1.1%
Red
1.2%
Yellow
0.9%
Orange Orange
93.5%
Red
1.4%
Yellow
1.1%
Black
0.8%
Lavender Lavender
92.3%
Lime
1.5%
Brown
1.4%
Red
1.6%
Gray Gray
91.9%
Black
1.9%
Purple
1.8%
Blue
1.1%
Brown Brown
91.2%
Red
3%
Indigo
1%
Gray
1.5%
Purple Purple
90.4%
Red
1.6%
Blue
2%
Pink
2.8%
Lime Lime
82.6%
Cyan
4.9%
Blue
1.1%
Gray
8%
Cyan Cyan
80.9%
Lavender
4.5%
Magenta
8%
Yellow
3.3%
Magenta Magenta
75.4%
Red
14.4%
Brown
2.1%
Indigo
4.8%
Indigo Indigo
71%
Red
4.7%
Brown
1.8%
Lavender
19.4%

You're not logged in!

Compare scores with friends on all Sporcle quizzes.
OR
Log In

Sporcle TV

Today on Sporcle TV


Watch our educational content, quiz creation guides, and fun videos on Sporcle TV.

Show Comments

Extras

Top Quizzes Today


Score Distribution

Your Account Isn't Verified!

In order to create a playlist on Sporcle, you need to verify the email address you used during registration. Go to your Sporcle Settings to finish the process.

Report this User

Report this user for behavior that violates our Community Guidelines.

Details: